| 000 | 00371pab a2200145 454500 | ||
|---|---|---|---|
| 008 | 180718b2015 xxu||||| |||| 00| 0 eng d | ||
| 100 | _aDreze, Jean et al | ||
| 245 | _aClarification on PDS leakages | ||
| 260 | _c2015 | ||
| 300 | _ap. 72-73. | ||
| 362 | _a26 Sep | ||
| 650 | _aPublic distribution system | ||
| 773 | _aEconomic and Political Weekly | ||
| 909 | _a108994 | ||
| 999 |
_c108989 _d108989 |
||